[Event "ICS rated blitz match"]
[Site "204.178.125.65"]
[Date "2000.12.01"]
[Round "?"]
[White "kako"]
[Black "Hossa"]
[Result "0-1"]
[WhiteElo "2155"]
[BlackElo "2445"]
[PlyCount "74"]
[EventDate "2000.??.??"]

1. d4 e6 2. c4 Nf6 3. Nf3 c5 4. d5 exd5 5. cxd5 d6 6. Nc3 g6 7. Nd2 Bg7 8. Nc4
O-O 9. Bf4 Ne8 10. a4 g5 11. Bc1 Na6 12. e4 f5 13. Bd3 Nb4 14. Bb1 fxe4 15.
Nxe4 h6 16. O-O b6 17. Nc3 Bb7 18. Ne3 Nc7 19. Be4 Qd7 20. Qh5 Ba6 21. Qg6 Rf6
22. Qh7+ Kf8 23. Rd1 Bc8 24. h3 Qf7 25. Ng4 Bxg4 26. hxg4 Re8 27. Be3 Re7 28.
Bf5 Ncxd5 29. a5 Nxe3 30. fxe3 Rxe3 31. axb6 a6 32. Ne4 Rxe4 33. Bxe4 d5 34.
Bf5 Rxb6 35. Rf1 Bd4+ 36. Kh1 Qxh7 37. Bxh7+ Kg7 {kako resigns} 0-1

[Event "ICS rated bullet match"]
[Site "204.178.125.65"]
[Date "2000.12.01"]
[Round "?"]
[White "Hossa"]
[Black "KidChamp"]
[Result "1-0"]
[WhiteElo "2612"]
[BlackElo "2243"]
[PlyCount "46"]
[EventDate "2000.??.??"]

1. c4 c6 2. e4 d5 3. cxd5 cxd5 4. exd5 Nf6 5. Nc3 g6 6. Qa4+ Bd7 7. Qb4 Qc7 8.
Nf3 Bg7 9. d6 exd6 10. Nb5 Bxb5 11. Bxb5+ Nc6 12. O-O O-O 13. Qh4 Ne5 14. Nxe5
dxe5 15. d4 a6 16. Be2 exd4 17. Qxd4 Rad8 18. Qa4 Rfe8 19. Bf3 Nd5 20. Bxd5 b6
21. Bg5 b5 22. Bxd8 Qxd8 23. Qb3 Qh4 {KidChamp resigns} 1-0

[Event "ICS rated blitz match"]
[Site "204.178.125.65"]
[Date "2000.12.01"]
[Round "?"]
[White "PostModernist"]
[Black "Hossa"]
[Result "1-0"]
[WhiteElo "2606"]
[BlackElo "2450"]
[PlyCount "153"]
[EventDate "2000.??.??"]

1. e4 Nc6 2. d4 d5 3. Nc3 dxe4 4. d5 Ne5 5. Bf4 Ng6 6. Bg3 a6 7. Bc4 b5 8. Bb3
Nf6 9. Qe2 h5 10. h4 Bg4 11. f3 exf3 12. gxf3 Bf5 13. O-O-O Nd7 14. Qe3 Qc8 15.
Nce2 Nf6 16. Qc3 a5 17. Nd4 Bd7 18. a3 b4 19. axb4 axb4 20. Qxc7 Qxc7 21. Bxc7
Rh6 22. Nge2 Rc8 23. Ba5 Ra8 24. Bxb4 e5 25. dxe6 Ra1+ 26. Kd2 Bxb4+ 27. c3
Rxd1+ 28. Kxd1 fxe6 29. cxb4 e5 30. Ne6 Ke7 31. Ng5 Rh8 32. Bf7 Rd8 33. Kc2
Bf5+ 34. Kb3 Rd3+ 35. Nc3 Nf4 36. Re1 Nd7 37. b5 Rd4 38. Ka3 Nd3 39. Rh1 Nb6
40. b3 Rd8 41. Na4 Nd5 42. Bxd5 Rxd5 43. b6 Rb5 44. Rd1 Nf4 45. Rc1 Nd5 46. Rc6
Bd7 47. Rg6 Kf8 48. Ne4 Nf4 49. Rg5 Be6 50. Nec5 Kf7 51. Rxe5 Nd3 52. Rxh5 g6
53. Rh7+ Kg8 54. Re7 Nxc5 55. Nxc5 Rxc5 56. Rxe6 Kf7 57. Ka4 Rc8 58. b7 Rb8 59.
Rb6 Ke8 60. Kb5 Kf7 61. Ka6 Rd8 62. b4 Rb8 63. Ka7 Rd8 64. b8=Q Rxb8 65. Rxb8
Kf6 66. Rb6+ Kf5 67. b5 g5 68. hxg5 Ke5 69. g6 Kd4 70. g7 Kc3 71. Rc6+ Kd2 72.
Rd6+ Kc3 73. g8=Q Kb4 74. Rd4+ Kc3 75. Qc4+ Kb2 76. Rd2+ Kb1 77. Qf1# {
Hossa checkmated} 1-0

[Event "ICS rated blitz match"]
[Site "204.178.125.65"]
[Date "2000.12.02"]
[Round "?"]
[White "Hossa"]
[Black "QueenMaxima"]
[Result "1-0"]
[WhiteElo "2441"]
[BlackElo "2551"]
[PlyCount "131"]
[EventDate "2000.??.??"]

1. d4 Nf6 2. c4 e6 3. Nf3 Bb4+ 4. Bd2 Qe7 5. g3 Nc6 6. Nc3 Bxc3 7. bxc3 d5 8.
cxd5 exd5 9. Bg2 O-O 10. O-O Re8 11. Re1 Bf5 12. Bg5 Be4 13. Qb3 Rab8 14. h3 h6
15. Bf4 b5 16. a4 bxa4 17. Qxa4 Rb6 18. Qa2 a5 19. Qa3 Qd8 20. Qa2 Nh5 21. Bc1
Bxf3 22. Bxf3 Nf6 23. Qc2 Qd7 24. Bg2 Reb8 25. Rd1 Qe6 26. Ra2 Kh8 27. Bf4 Qd7
28. Re1 Nh5 29. Bd2 Rb5 30. e4 Nf6 31. exd5 Nxd5 32. Qe4 Nde7 33. Bc1 f5 34.
Qd3 Rb1 35. Qc4 R8b5 36. Rae2 Nd5 37. Qa2 Nce7 38. Qd2 g5 39. c4 R5b4 40. cxd5
Ng8 41. Re8 Kh7 42. d6 Qxd6 43. Qa2 Qg6 44. Rc8 c6 45. Rc7+ Kh8 46. Bxc6 Rb6
47. d5 Qd6 48. Rf7 Qb4 49. Qe2 Qc3 50. Bd2 Qa1 51. Bxa5 Rxe1+ 52. Bxe1 Rb1 53.
Kf1 Qc3 54. Bd7 f4 55. Bf5 Rxe1+ 56. Qxe1 Qxe1+ 57. Kxe1 Nf6 58. Rxf6 Kg7 59.
Rg6+ Kf7 60. Ke2 fxg3 61. fxg3 Ke7 62. d6+ Kf7 63. g4 h5 64. gxh5 Kf8 65. Be6
Ke8 66. Rg8# {QueenMaxima checkmated} 1-0

[Event "ICS rated bullet match"]
[Site "204.178.125.65"]
[Date "2000.12.02"]
[Round "?"]
[White "Whizzo"]
[Black "Hossa"]
[Result "1-0"]
[WhiteElo "2796"]
[BlackElo "2617"]
[PlyCount "97"]
[EventDate "2000.??.??"]

1. e4 Nc6 2. Nf3 f5 3. exf5 d5 4. Bb5 Bxf5 5. Ne5 Qd6 6. d4 Bd7 7. Bxc6 Bxc6 8.
O-O Qe6 9. Nxc6 Qxc6 10. Nc3 O-O-O 11. Bf4 Nf6 12. Qe2 Qb6 13. Rab1 g6 14. Rfe1
h6 15. Nb5 Rd7 16. Be5 Bg7 17. c4 c6 18. Nc3 dxc4 19. Qxc4 Rf8 20. Na4 Qb5 21.
Qxb5 cxb5 22. Rbc1+ Kd8 23. Nc5 Ke8 24. Nxd7 Kxd7 25. Rc7+ Ke6 26. Rxb7 a6 27.
Bxf6+ Kxf6 28. Rbxe7 Bh8 29. h4 Kf5 30. R1e4 h5 31. Re3 Kf6 32. d5 g5 33. Re8
Kf7 34. Rxf8+ Kxf8 35. d6 Bf6 36. Rf3 Ke8 37. Rxf6 gxh4 38. Kh2 Kd7 39. Kh3 b4
40. Kxh4 a5 41. Kxh5 a4 42. g4 Kc6 43. g5 Kd7 44. g6 Kc6 45. g7 Kd7 46. g8=Q
Kc6 47. d7+ Kc5 48. d8=Q b3 49. Qb6# {Hossa checkmated} 1-0

[Event "ICS rated blitz match"]
[Site "204.178.125.65"]
[Date "2000.12.02"]
[Round "?"]
[White "NewHal9000"]
[Black "Hossa"]
[Result "1/2-1/2"]
[WhiteElo "2343"]
[BlackElo "2462"]
[PlyCount "98"]
[EventDate "2000.??.??"]

1. c4 Nf6 2. d4 Nc6 3. Nf3 e6 4. g3 d5 5. Bg2 dxc4 6. O-O a6 7. e3 Bb4 8. Nfd2
O-O 9. Nxc4 Kh8 10. Bd2 Be7 11. Nc3 Rb8 12. f4 Bd7 13. Ne5 Be8 14. Qb3 Nxe5 15.
fxe5 Ng4 16. Qd1 Nh6 17. Rc1 c5 18. d5 exd5 19. Nxd5 Bb5 20. Rf2 Bd7 21. Rf4 b6
22. Nxe7 Qxe7 23. Bc3 Rfe8 24. a4 Red8 25. Qe2 Bc8 26. Be4 Bb7 27. Bd3 Ra8 28.
e4 Bc6 29. b3 Bb7 30. Bc4 Bc8 31. Bd5 Ra7 32. a5 b5 33. Rd1 Be6 34. Bxe6 Rxd1+
35. Qxd1 Qxe6 36. Qd6 Ra8 37. Qxe6 fxe6 38. Kf1 Rd8 39. Ke2 Kg8 40. Rf1 c4 41.
bxc4 bxc4 42. h4 Ng4 43. h5 h6 44. Ba1 Rd3 45. Rf3 Rd7 46. Rf4 Nh2 47. Rf2 Ng4
48. Rf4 Nh2 49. Rf2 Ng4 {Game drawn by mutual agreement} 1/2-1/2

[Event "ICS rated blitz match"]
[Site "204.178.125.65"]
[Date "2000.12.02"]
[Round "?"]
[White "Hossa"]
[Black "Mefisto5000"]
[Result "1-0"]
[WhiteElo "2457"]
[BlackElo "2051"]
[PlyCount "63"]
[EventDate "2000.??.??"]

1. e4 e6 2. Nf3 d5 3. e5 c5 4. d4 b6 5. Be2 Ba6 6. Bxa6 Nxa6 7. c4 Nc7 8. Qa4+
Qd7 9. Qxd7+ Kxd7 10. dxc5 Bxc5 11. cxd5 Nxd5 12. O-O h6 13. a3 a5 14. Rd1 Nge7
15. Nc3 Rhc8 16. Nb5 Nc6 17. Bf4 Ke7 18. Bg3 Na7 19. Nd6 Rc7 20. Rac1 Nc6 21.
Ne4 Nd8 22. Nfd2 Rac8 23. Nb3 Nb7 24. Bh4+ g5 25. Bg3 a4 26. Nbxc5 Nxc5 27. Nd6
Rb8 28. f3 Ra8 29. Bf2 Raa7 30. Bxc5 Rxc5 31. Rxc5 bxc5 32. Nc8+ {
Mefisto5000 resigns} 1-0

[Event "ICS rated blitz match"]
[Site "204.178.125.65"]
[Date "2000.12.02"]
[Round "?"]
[White "Mefisto5000"]
[Black "Hossa"]
[Result "0-1"]
[WhiteElo "2048"]
[BlackElo "2460"]
[PlyCount "184"]
[EventDate "2000.??.??"]

1. d4 e6 2. c4 Nf6 3. Nc3 Bb4 4. Qc2 d5 5. cxd5 exd5 6. a3 Be7 7. Bg5 O-O 8. e3
h6 9. Bh4 b6 10. b4 c6 11. Bd3 a5 12. b5 c5 13. Nf3 c4 14. Bf5 Bxf5 15. Qxf5 g6
16. Qc2 Nbd7 17. Bxf6 Nxf6 18. Ne5 Qe8 19. O-O Bd6 20. Nc6 Qe6 21. h3 Rfc8 22.
Rfe1 Rc7 23. Na4 Nd7 24. e4 dxe4 25. Rxe4 Qd5 26. Nc3 Qg5 27. Rae1 Nf6 28. R4e2
Qf4 29. g3 Qf3 30. Re3 Qh5 31. Kg2 Rf8 32. Qe2 Qxe2 33. R3xe2 Bxa3 34. Ne7+
Bxe7 35. Rxe7 Rxe7 36. Rxe7 Rd8 37. Rb7 Rd6 38. Kf3 Rxd4 39. Rxb6 Rd3+ 40. Ke2
Rxc3 41. Rxf6 a4 42. Ra6 a3 43. b6 Rb3 44. b7 Rxb7 45. Rxa3 Rb2+ 46. Ke3 Rc2
47. Ra4 Kg7 48. f4 Rc3+ 49. Kf2 h5 50. Ra6 h4 51. gxh4 Rxh3 52. Rc6 c3 53. Kg2
Rd3 54. Kf2 f5 55. Ke2 Rh3 56. Kf2 Kh6 57. Kg2 Rd3 58. Kh2 Rf3 59. Kg2 Rxf4 60.
Kg3 Rg4+ 61. Kh3 Kh5 62. Rxc3 Rxh4+ 63. Kg3 g5 64. Rc8 Rb4 65. Rh8+ Kg6 66.
Rg8+ Kf6 67. Rf8+ Ke6 68. Re8+ Kd5 69. Rg8 Rg4+ 70. Kf3 Ke6 71. Rg6+ Ke5 72.
Rg8 Rf4+ 73. Kg3 Kf6 74. Rf8+ Kg7 75. Ra8 Re4 76. Ra6 Kf7 77. Kf3 Re6 78. Ra5
Kf6 79. Ra8 Rd6 80. Rf8+ Ke6 81. Re8+ Kf7 82. Ra8 Kg7 83. Ra7+ Kf6 84. Ra8 Rd3+
85. Kf2 Ke5 86. Re8+ Kf4 87. Ra8 Rd2+ 88. Kf1 Kf3 89. Ra3+ Kg4 90. Ra4+ f4 91.
Kg1 Kg3 92. Ra5 Rd1# {Mefisto5000 checkmated} 0-1

[Event "ICS rated blitz match"]
[Site "204.178.125.65"]
[Date "2000.12.02"]
[Round "?"]
[White "Tim"]
[Black "Hossa"]
[Result "1-0"]
[WhiteElo "2521"]
[BlackElo "2463"]
[PlyCount "75"]
[EventDate "2000.??.??"]

1. d4 e6 2. Nc3 d5 3. e4 Bb4 4. a3 Ba5 5. e5 Ne7 6. Be3 Nf5 7. Nf3 c5 8. dxc5
Nxe3 9. fxe3 Bxc3+ 10. bxc3 O-O 11. Bd3 Nd7 12. O-O Nxc5 13. Qe1 Bd7 14. Qg3
Qe7 15. Bxh7+ Kxh7 16. Ng5+ Kg8 17. Qh4 Qxg5 18. Qxg5 Ne4 19. Qh4 Bb5 20. Rf4
Nxc3 21. Rf3 Rae8 22. Rh3 f5 23. Qh7+ Kf7 24. Qh5+ Kg8 25. Re1 Ne4 26. Rb1 Ba6
27. Qg6 Re7 28. Rh7 Be2 29. Re1 Nc3 30. Rxe2 Nxe2+ 31. Kf2 Ng3 32. hxg3 f4 33.
Qh5 fxe3+ 34. Kxe3 Rf3+ 35. gxf3 d4+ 36. Ke4 g6 37. Rh8+ Kf7 38. Qh7# {
Hossa checkmated} 1-0

[Event "ICS rated bullet match"]
[Site "204.178.125.65"]
[Date "2000.12.02"]
[Round "?"]
[White "Hossa"]
[Black "strangersa"]
[Result "1-0"]
[WhiteElo "2609"]
[BlackElo "2198"]
[PlyCount "25"]
[EventDate "2000.??.??"]

1. d4 c6 2. c4 d5 3. Nf3 Nf6 4. cxd5 e6 5. dxe6 Bxe6 6. Nc3 Bb4 7. a3 Bxc3+ 8.
bxc3 O-O 9. e3 Qa5 10. Bb2 Nbd7 11. Bd3 Nd5 12. O-O Nxc3 13. Qe1 {
strangersa resigns} 1-0

[Event "ICS rated bullet match"]
[Site "204.178.125.65"]
[Date "2000.12.02"]
[Round "?"]
[White "strangersa"]
[Black "Hossa"]
[Result "0-1"]
[WhiteElo "2192"]
[BlackElo "2612"]
[PlyCount "58"]
[EventDate "2000.??.??"]

1. e3 d5 2. Nf3 Nf6 3. d4 e6 4. c4 Be7 5. cxd5 exd5 6. Nc3 O-O 7. Be2 Bf5 8.
O-O c6 9. Ne5 Bd6 10. f4 Nbd7 11. Bd3 Bxd3 12. Qxd3 Re8 13. Ne2 Ne4 14. Ng3
Ndf6 15. Bd2 Nxg3 16. hxg3 Ne4 17. Be1 Re6 18. Nf3 Qb6 19. b3 Rae8 20. Bf2 Qc7
21. Rfe1 Bb4 22. Re2 Qe7 23. Ne5 Bc3 24. Rc1 Ba5 25. Rd1 Nc3 26. Rf1 Nxe2+ 27.
Qxe2 Rh6 28. Qg4 Qe6 29. Qf5 Qxf5 {strangersa resigns} 0-1

[Event "ICS rated blitz match"]
[Site "204.178.125.65"]
[Date "2000.12.02"]
[Round "?"]
[White "Hossa"]
[Black "Tim"]
[Result "0-1"]
[WhiteElo "2450"]
[BlackElo "2534"]
[PlyCount "130"]
[EventDate "2000.??.??"]

1. d4 Nf6 2. c4 e5 3. dxe5 Ne4 4. Nd2 Nc5 5. b4 Ne6 6. a3 a5 7. b5 d6 8. exd6
Bxd6 9. Bb2 O-O 10. Ne4 Qe7 11. Nxd6 Rd8 12. e3 Rxd6 13. Qc2 b6 14. Qe4 Ra7 15.
Nf3 Bb7 16. Qh4 f6 17. Be2 Nd7 18. O-O Ndc5 19. Ra2 Ra8 20. Nd4 Nxd4 21. Bxd4
Rad8 22. Bxc5 bxc5 23. Qh5 Qe4 24. Qf3 Rd2 25. Qxe4 Bxe4 26. Rfa1 Kf7 27. f3
Bc2 28. Kf1 Bb3 29. Rxd2 Rxd2 30. Rc1 Ra2 31. f4 Rxa3 32. Kf2 Ra2 33. Kf3 Rc2
34. Rxc2 Bxc2 35. Kf2 a4 36. Ke1 a3 37. Kd2 a2 38. Kxc2 a1=Q 39. g4 Qa2+ 40.
Kd3 Qb1+ 41. Kd2 Qh1 42. h4 Qxh4 43. Bf3 Qg3 44. Ke2 g5 45. fxg5 fxg5 46. Bd5+
Kf6 47. Bf3 h5 48. gxh5 g4 49. Be4 Qh2+ 50. Kd3 g3 51. h6 Qxh6 52. Ba8 Qg6+ 53.
Be4 Qg5 54. Bg2 Ke5 55. b6 cxb6 56. Kd2 Qf6 57. Kc3 Qf2 58. Bb7 Qxe3+ 59. Kc2
Kd4 60. Bd5 Qc3+ 61. Kb1 Qd2 62. Be4 Kxe4 63. Ka1 Kd4 64. Kb1 Kc3 65. Ka1 Qb2#
{Hossa checkmated} 0-1

[Event "ICS rated bullet match"]
[Site "204.178.125.65"]
[Date "2000.12.02"]
[Round "?"]
[White "ChesterX"]
[Black "Hossa"]
[Result "0-1"]
[WhiteElo "2518"]
[BlackElo "2627"]
[PlyCount "128"]
[EventDate "2000.??.??"]

1. e4 c5 2. Nf3 Nc6 3. c3 d5 4. exd5 Qxd5 5. d4 Nf6 6. Be3 cxd4 7. cxd4 e6 8.
Nc3 Qa5 9. Bd3 Nd5 10. Bd2 Bb4 11. Qc2 Qb6 12. a3 Be7 13. Ne2 Bd7 14. Bxh7 Rc8
15. Bc3 g6 16. Bxg6 fxg6 17. Qxg6+ Kd8 18. O-O Qb5 19. Qc2 Rg8 20. a4 Ncb4 21.
axb5 Nxc2 22. Rac1 Ncb4 23. b6 Nxb6 24. Nf4 N4d5 25. Nxd5 Nxd5 26. Kh1 Nxc3 27.
bxc3 Bc6 28. Ne1 Ba3 29. Ra1 Bb2 30. Rxa7 Bxc3 31. d5 Bxd5 32. Nf3 Bxf3 33.
gxf3 Rb8 34. Rg1 Rxg1+ 35. Kxg1 Kd7 36. h4 Kc6 37. Ra3 Bd4 38. Ra4 Kd5 39. Ra5+
b5 40. h5 Bc3 41. Ra3 b4 42. Ra5+ Kc4 43. Ra4 Kb5 44. Ra7 b3 45. Ra3 Kb4 46.
Rxb3+ Kxb3 47. Kh2 Rh8 48. Kg3 Rxh5 49. f4 Rf5 50. Kh2 Rxf4 51. Kg3 Rxf2 52.
Kxf2 Bd4+ 53. Kf3 Kc3 54. Ke4 e5 55. Kd5 Kd3 56. Kd6 e4 57. Kd5 e3 58. Kd6 e2
59. Kd5 e1=Q 60. Kd6 Kc4 61. Kd7 Kd5 62. Kc7 Qe8 63. Kb7 Qd8 64. Ka6 Qb6# {
ChesterX checkmated} 0-1

[Event "ICS rated bullet match"]
[Site "204.178.125.65"]
[Date "2000.12.02"]
[Round "?"]
[White "Hossa"]
[Black "ChesterX"]
[Result "0-1"]
[WhiteElo "2638"]
[BlackElo "2507"]
[PlyCount "142"]
[EventDate "2000.??.??"]

1. d4 d5 2. c4 dxc4 3. e3 Nf6 4. Bxc4 e6 5. Nf3 c5 6. Qc2 cxd4 7. Nxd4 e5 8.
Nf3 Bd6 9. O-O O-O 10. Nc3 Bg4 11. Ng5 Bh5 12. Bd2 Nbd7 13. Nb5 Bc5 14. Bd3 h6
15. Nh7 Nxh7 16. Bxh7+ Kh8 17. Bf5 Be2 18. Ba5 Qxa5 19. Qxe2 Rad8 20. Qc4 b6
21. Rad1 Nf6 22. Rxd8 Rxd8 23. a3 Qa6 24. b4 Be7 25. Qxf7 Bxb4 26. axb4 Qxb5
27. Qc7 Ra8 28. Rb1 e4 29. Be6 h5 30. Bf7 Qa4 31. b5 Qa3 32. Be6 Qd3 33. Ba2
Rd8 34. Rf1 Rd7 35. Qb8+ Kh7 36. Qe5 Qd6 37. Qf5+ g6 38. Qg5 Rc7 39. f3 Rc5 40.
Qh4 exf3 41. Rxf3 Rc1+ 42. Rf1 Rxf1+ 43. Kxf1 Qd3+ 44. Ke1 Qxe3+ 45. Kf1 Ng4
46. Bb1 Qc1+ 47. Ke2 Qxb1 48. Qe7+ Kh6 49. Qf8+ Kg5 50. Qd8+ Kf4 51. g3+ Ke4
52. Qe8+ Kd4 53. Qd7+ Kc4 54. h3 Qc2+ 55. Qd2 Qe4+ 56. Kd1 Ne3+ 57. Ke1 Nd5+
58. Kf2 Kxb5 59. Qd1 a5 60. h4 a4 61. Qe2+ Qxe2+ 62. Kxe2 a3 63. Kd3 a2 64. Ke4
Kc5 65. Kd3 a1=Q 66. Ke2 Qg1 67. g4 hxg4 68. Kd2 Qf2+ 69. Kc1 g3 70. h5 g2 71.
hxg6 g1=Q# {Hossa checkmated} 0-1

[Event "ICS rated bullet match"]
[Site "204.178.125.65"]
[Date "2000.12.02"]
[Round "?"]
[White "Hossa"]
[Black "SergioL"]
[Result "1-0"]
[WhiteElo "2616"]
[BlackElo "2107"]
[PlyCount "53"]
[EventDate "2000.??.??"]

1. e4 c6 2. d4 e6 3. Nf3 d6 4. Bd3 Ne7 5. Bg5 f6 6. Be3 Ng6 7. O-O e5 8. c3 Be7
9. Qb3 Nd7 10. Bc4 Nb6 11. Bf7+ Kf8 12. dxe5 fxe5 13. Na3 d5 14. Bxg6 hxg6 15.
Nxe5 Qe8 16. exd5 Nxd5 17. Rfe1 Bf6 18. Bc5+ Kg8 19. Nac4 Be6 20. Qxb7 Rb8 21.
Qxa7 Bxe5 22. Rxe5 Qf7 23. Qxb8+ Kh7 24. Qa7 Qf4 25. Rxe6 Qxc4 26. Bd4 Nf4 27.
Qxg7# {SergioL checkmated} 1-0

[Event "ICS rated bullet match"]
[Site "204.178.125.65"]
[Date "2000.12.02"]
[Round "?"]
[White "SergioL"]
[Black "Hossa"]
[Result "0-1"]
[WhiteElo "2105"]
[BlackElo "2618"]
[PlyCount "70"]
[EventDate "2000.??.??"]

1. e3 d5 2. d3 e5 3. Nd2 Nf6 4. g3 Bd6 5. Bg2 O-O 6. Ne2 Na6 7. O-O c6 8. c3
Nc5 9. Nb3 Nxb3 10. axb3 Kh8 11. c4 Bf5 12. Nc3 Bb4 13. e4 Bxc3 14. exf5 Bd4
15. Be3 Bxb2 16. Ra2 Bd4 17. Bxd4 exd4 18. c5 Qe7 19. b4 Qe5 20. Qf3 Rfe8 21.
Bh3 b6 22. Raa1 bxc5 23. bxc5 a5 24. Rfe1 Qxe1+ 25. Rxe1 Rxe1+ 26. Kg2 a4 27.
g4 a3 28. g5 Ng8 29. f6 a2 30. fxg7+ Kxg7 31. g6 fxg6 32. Qf4 a1=Q 33. Qc7+ Ne7
34. Qf4 Rg1+ 35. Kf3 Qd1# {SergioL checkmated} 0-1

[Event "ICS rated bullet match"]
[Site "204.178.125.65"]
[Date "2000.12.02"]
[Round "?"]
[White "Hossa"]
[Black "SergioL"]
[Result "1-0"]
[WhiteElo "2624"]
[BlackElo "2099"]
[PlyCount "37"]
[EventDate "2000.??.??"]

1. e4 c6 2. d4 d6 3. Nf3 e6 4. c4 Ne7 5. Bd3 Ng6 6. O-O Be7 7. Be3 O-O 8. Nc3
d5 9. exd5 exd5 10. cxd5 cxd5 11. Qb3 Nc6 12. Nxd5 Be6 13. Nxe7+ Ngxe7 14. Qc2
Rc8 15. Bxh7+ Kh8 16. Be4 Nxd4 17. Qd1 Nxf3+ 18. Qxf3 Bd5 19. Qh5+ {
SergioL resigns} 1-0

[Event "ICS rated bullet match"]
[Site "204.178.125.65"]
[Date "2000.12.02"]
[Round "?"]
[White "SergioL"]
[Black "Hossa"]
[Result "0-1"]
[WhiteElo "2098"]
[BlackElo "2625"]
[PlyCount "58"]
[EventDate "2000.??.??"]

1. e3 d5 2. d3 e5 3. Nf3 Bd6 4. Be2 Nf6 5. Nc3 c6 6. e4 O-O 7. Bg5 d4 8. Nb1
Na6 9. O-O h6 10. Bh4 Be6 11. c4 Qe7 12. a3 b5 13. b3 bxc4 14. Bxf6 Qxf6 15.
dxc4 Nc5 16. Bd3 Bg4 17. b4 Bxf3 18. gxf3 Nxd3 19. Qxd3 Qg5+ 20. Kh1 Qh4 21.
Nd2 Be7 22. f4 Qxf4 23. Nf3 f5 24. exf5 e4 25. Qxd4 Qxf3+ 26. Kg1 Rxf5 27. Rfe1
Bf6 28. Qxe4 Qxe4 29. Rxe4 Bxa1 {SergioL resigns} 0-1

[Event "ICS rated bullet match"]
[Site "204.178.125.65"]
[Date "2000.12.02"]
[Round "?"]
[White "SergioL"]
[Black "Hossa"]
[Result "0-1"]
[WhiteElo "2094"]
[BlackElo "2629"]
[PlyCount "76"]
[EventDate "2000.??.??"]

1. e4 c5 2. c3 d5 3. exd5 Qxd5 4. d4 Nf6 5. Nf3 e6 6. Be2 Nc6 7. O-O cxd4 8.
cxd4 Be7 9. Nc3 Qd6 10. Be3 O-O 11. a3 Bd7 12. Nb5 Qb8 13. Nc3 Bd6 14. d5 Ne5
15. Nxe5 Bxe5 16. dxe6 Bxh2+ 17. Kh1 Bxe6 18. Bg5 Be5 19. Bf3 h6 20. Bh4 Bc4
21. Re1 Rd8 22. Qc2 Bd3 23. Qd2 Be4 24. Qe3 Bf4 25. Qc5 Rc8 26. Qe7 Bd6 27.
Bxf6 Bxe7 28. Nxe4 gxf6 29. Ng3 Bc5 30. Re2 Bxf2 31. Nf5 Qf4 32. Ne7+ Kf8 33.
Rxf2 Kxe7 34. Kg1 Rc1+ 35. Rxc1 Qxc1+ 36. Kh2 Rg8 37. Re2+ Kf8 38. Kh3 Qh1# {
SergioL checkmated} 0-1

[Event "ICS rated bullet match"]
[Site "204.178.125.65"]
[Date "2000.12.02"]
[Round "?"]
[White "SergioL"]
[Black "Hossa"]
[Result "0-1"]
[WhiteElo "2092"]
[BlackElo "2631"]
[PlyCount "94"]
[EventDate "2000.??.??"]

1. e4 c5 2. c3 d5 3. exd5 Qxd5 4. d4 Nf6 5. Nf3 e6 6. Be2 Nc6 7. dxc5 Qxd1+ 8.
Bxd1 Bxc5 9. O-O Bd7 10. Nbd2 O-O 11. Nb3 Bd6 12. Bg5 Nd5 13. Bc2 f6 14. Bh4
Rfd8 15. Rfe1 e5 16. Bg3 Nb6 17. Rad1 Be6 18. Be4 Rd7 19. Nfd2 Rad8 20. Bxc6
bxc6 21. Ne4 Bxb3 22. axb3 Be7 23. Rxd7 Rxd7 24. Kf1 f5 25. Bxe5 fxe4 26. Rxe4
Rd1+ 27. Ke2 Rb1 28. Bd4 Rxb2+ 29. Kf3 Bf6 30. Bxf6 gxf6 31. Re7 Rxb3 32. Rxa7
Rxc3+ 33. Kg4 Rc5 34. f4 Nc4 35. g3 Nd2 36. h4 h5+ 37. Kh3 Rc3 38. f5 Nf1 39.
Ra8+ Kg7 40. Ra7+ Kh6 41. Kg2 Ne3+ 42. Kf3 Nxf5+ 43. Ke2 Rxg3 44. Kd2 Nxh4 45.
Rc7 Nf3+ 46. Ke3 Ng5+ 47. Kf4 Rf3# {SergioL checkmated} 0-1

[Event "ICS rated bullet match"]
[Site "204.178.125.65"]
[Date "2000.12.02"]
[Round "?"]
[White "Hossa"]
[Black "SergioL"]
[Result "1-0"]
[WhiteElo "2634"]
[BlackElo "2089"]
[PlyCount "55"]
[EventDate "2000.??.??"]

1. e4 c5 2. c3 e6 3. d4 d5 4. e5 cxd4 5. cxd4 Nc6 6. Nf3 f5 7. Nc3 Nge7 8. Bd3
Ng6 9. O-O Be7 10. Be3 O-O 11. Bc2 Bd7 12. Rc1 Rc8 13. Qe2 a6 14. Bb3 Na5 15.
Ba4 b5 16. Bc2 Nc4 17. Nd1 Nxe3 18. fxe3 f4 19. Nc3 fxe3 20. Bxg6 hxg6 21. Qxe3
b4 22. Ne2 Qb6 23. Rxc8 Rxc8 24. Nf4 Bb5 25. Nxg6 Bf8 26. Rf2 Qc6 27. Ne1 a5
28. Qh3 {SergioL resigns} 1-0

[Event "ICS rated bullet match"]
[Site "204.178.125.65"]
[Date "2000.12.02"]
[Round "?"]
[White "SergioL"]
[Black "Hossa"]
[Result "0-1"]
[WhiteElo "2088"]
[BlackElo "2635"]
[PlyCount "32"]
[EventDate "2000.??.??"]

1. e4 c5 2. c3 d5 3. exd5 Qxd5 4. d4 Nf6 5. Nf3 e6 6. Be2 Nc6 7. O-O cxd4 8.
cxd4 Be7 9. Nc3 Qd6 10. h3 O-O 11. a3 Bd7 12. b4 Rac8 13. Bb2 Bd8 14. Qb3 Nxd4
15. Nxd4 Qxd4 16. Nd5 Qxd5 {SergioL resigns} 0-1

[Event "ICS rated bullet match"]
[Site "204.178.125.65"]
[Date "2000.12.02"]
[Round "?"]
[White "SergioL"]
[Black "Hossa"]
[Result "0-1"]
[WhiteElo "2086"]
[BlackElo "2637"]
[PlyCount "50"]
[EventDate "2000.??.??"]

1. e4 c5 2. c3 d5 3. exd5 Qxd5 4. Nf3 e6 5. d4 Nf6 6. Be2 cxd4 7. cxd4 Bb4+ 8.
Nc3 Qa5 9. O-O O-O 10. Bd2 Bd7 11. a3 Be7 12. Ne5 Rc8 13. Bf3 Qb6 14. b4 Qxd4
15. Qb3 Qxd2 16. Rfd1 Rxc3 17. Rxd2 Rxb3 18. Bxb7 Rxa3 19. Rxa3 Bxb4 20. Rad3
Bxd2 21. Rxd2 Nc6 22. Nxd7 Nxd7 23. Bxc6 Rb8 24. g3 Ne5 25. Bg2 Rb1+ {
SergioL resigns} 0-1

[Event "ICS rated bullet match"]
[Site "204.178.125.65"]
[Date "2000.12.02"]
[Round "?"]
[White "SergioL"]
[Black "Hossa"]
[Result "0-1"]
[WhiteElo "2084"]
[BlackElo "2639"]
[PlyCount "92"]
[EventDate "2000.??.??"]

1. e4 c5 2. c3 d5 3. exd5 Qxd5 4. d4 Nf6 5. Nf3 e6 6. Be2 Nc6 7. dxc5 Qxd1+ 8.
Bxd1 Bxc5 9. O-O Bd7 10. Nbd2 O-O 11. Nb3 Bd6 12. Bg5 Nd5 13. Bc2 f6 14. Bh4
Rfd8 15. Rad1 Be8 16. Bg3 Bxg3 17. hxg3 Nc7 18. Nfd4 Nxd4 19. Rxd4 Rxd4 20.
Nxd4 e5 21. Nf3 Rd8 22. Rd1 Rxd1+ 23. Bxd1 Bg6 24. Nd2 Bd3 25. Bf3 b6 26. Bc6
Ne6 27. Bd5 Kf7 28. c4 Ke7 29. b3 Nd4 30. Nf3 Ne2+ 31. Kh2 Nc3 32. a4 Nxd5 33.
cxd5 Kd6 34. Ne1 e4 35. g4 Kxd5 36. Kg3 Kd4 37. Kf4 g5+ 38. Kf5 Kc3 39. Kxf6
Kd2 40. Nxd3 exd3 41. Kxg5 Kc3 42. f4 d2 43. f5 d1=Q 44. f6 Qxb3 45. Kh6 Qg8
46. g5 Qg6# {SergioL checkmated} 0-1

[Event "ICS rated bullet match"]
[Site "204.178.125.65"]
[Date "2000.12.02"]
[Round "?"]
[White "Hossa"]
[Black "SergioL"]
[Result "1-0"]
[WhiteElo "2640"]
[BlackElo "2083"]
[PlyCount "63"]
[EventDate "2000.??.??"]

1. e4 c5 2. c3 e6 3. d4 d5 4. e5 Nc6 5. Nf3 cxd4 6. cxd4 Nge7 7. Nc3 Ng6 8. Be3
Be7 9. Bd3 O-O 10. O-O f5 11. exf6 Bxf6 12. Bxg6 hxg6 13. Qc2 g5 14. Qg6 Ne7
15. Qh5 Nf5 16. Nxg5 Bxg5 17. Bxg5 Qe8 18. Qd1 Qg6 19. Bf4 Bd7 20. Re1 Rae8 21.
Qd2 Ne7 22. Be5 Nc6 23. Bd6 Rf5 24. Nd1 Kh7 25. Ne3 Rf7 26. Re2 Ne7 27. Be5 Nf5
28. Ree1 Nxe3 29. Rxe3 Ref8 30. Rg3 Qe4 31. Qg5 g6 32. Rh3+ {SergioL resigns}
1-0

[Event "ICS rated bullet match"]
[Site "204.178.125.65"]
[Date "2000.12.02"]
[Round "?"]
[White "SergioL"]
[Black "Hossa"]
[Result "0-1"]
[WhiteElo "2082"]
[BlackElo "2641"]
[PlyCount "62"]
[EventDate "2000.??.??"]

1. e4 c6 2. c3 e5 3. Nf3 d5 4. exd5 e4 5. Nd4 Qxd5 6. Be2 Qg5 7. Kf1 Qd8 8. d3
exd3 9. Qxd3 Nf6 10. Bg5 Be7 11. Nd2 O-O 12. N2b3 h6 13. Bh4 Ne4 14. Bxe7 Qxe7
15. Bf3 Re8 16. Bxe4 Qxe4 17. Qxe4 Rxe4 18. f3 Re5 19. Kf2 g6 20. Rhe1 Nd7 21.
f4 Rxe1 22. Rxe1 Nb6 23. Re8+ Kg7 24. Nc5 a6 25. h3 Nd5 26. f5 b6 27. f6+ Nxf6
28. Rd8 bxc5 29. Nxc6 Bb7 30. Rxa8 Bxa8 31. Nd8 Kf8 {SergioL resigns} 0-1